000 00191nam a2200085Ia 4500
008 120527s9999 xx 000 0 und d
100 _aCronk, C. Brian
245 _aHow to use SPSS
942 _cBK
999 _c27745
_d27745